Public finance in Islam/ (Record no. 20289)

MARC details
000 -LEADER
fixed length control field 00886cam a22002891 4500
001 - CONTROL NUMBER
control field 8920951
003 - CONTROL NUMBER IDENTIFIER
control field BDDh-ASL
005 - DATE AND TIME OF LATEST TRANSACTION
control field 20231015025852.0
008 - FIXED-LENGTH DATA ELEMENTS--GENERAL INFORMATION
fixed length control field 861215s1952 pk b 000 0 eng
010 ## - LIBRARY OF CONGRESS CONTROL NUMBER
LC control number sa 64009166
025 ## - OVERSEAS ACQUISITION NUMBER
Overseas acquisition number PL480:P-E-461
035 ## - SYSTEM CONTROL NUMBER
System control number (OCoLC)14974278
040 ## - CATALOGING SOURCE
Original cataloging agency DLC
Transcribing agency WaU
Modifying agency OCoLC
-- BDDh-ASL
-- DLC
042 ## - AUTHENTICATION CODE
Authentication code premarc
043 ## - GEOGRAPHIC AREA CODE
Geographic area code a------
-- f------
050 00 - LIBRARY OF CONGRESS CALL NUMBER
Classification number HJ233
Item number .S5 1962
082 ## - DEWEY DECIMAL CLASSIFICATION NUMBER
Classification number 297.0336
Item number SIP
100 1# - MAIN ENTRY--PERSONAL NAME
Personal name Siddiqi, S. A.
Fuller form of name (Shujāʻat ʻAlī),
Dates associated with a name 1902-
245 10 - TITLE STATEMENT
Title Public finance in Islam/
Statement of responsibility, etc. by S.A. Siddiqi.
260 ## - PUBLICATION, DISTRIBUTION, ETC.
Place of publication, distribution, etc. Lahore:
Name of publisher, distributor, etc. Sh. Muhammad Ashraf
Date of publication, distribution, etc. [1952]
300 ## - PHYSICAL DESCRIPTION
Extent xiv, 250 p.
Dimensions 23 cm.
500 ## - GENERAL NOTE
General note "First edition 1948 ... third [impression] 1962."
504 ## - BIBLIOGRAPHY, ETC. NOTE
Bibliography, etc. note Bibliography: p. [244]-252.
650 #0 - SUBJECT ADDED ENTRY--TOPICAL TERM
Topical term or geographic name entry element Finance, Public
Geographic subdivision Islamic countries.
906 ## - LOCAL DATA ELEMENT F, LDF (RLIN)
a 7
b cbc
c oclcrpl
d u
e ncip
f 19
g y-gencatlg
942 ## - ADDED ENTRY ELEMENTS (KOHA)
Source of classification or shelving scheme Dewey Decimal Classification
Koha item type Books
Holdings
Withdrawn status Lost status Source of classification or shelving scheme Damaged status Not for loan Collection code Home library Current library Shelving location Date acquired Source of acquisition Total Checkouts Full call number Barcode Date last seen Copy number Price effective from Koha item type Public note
    Dewey Decimal Classification   Not For Loan Non-fiction Asiatic Society Library Asiatic Society Library General Stacks 12/29/2020 ASB Collection   297.0336 SIP 103701 12/29/2020 C-1 12/29/2020 Books RARE

Powered by Koha